<?xml version="1.0" encoding="utf-8"?>
<?xml-stylesheet type='text/xsl' href='./oai2.xsl'?>
<OAI-PMH xmlns="http://www.openarchives.org/OAI/2.0/" xmlns:xsi="http://www.w3.org/2001/XMLSchema-instance" xsi:schemaLocation="http://www.openarchives.org/OAI/2.0/ http://www.openarchives.org/OAI/2.0/OAI-PMH.xsd">
  <responseDate>2026-06-07T03:30:25Z</responseDate>
  <request verb="GetRecord" metadataPrefix="marcxml" identifier="record_kuniweb_395760">https://kulturerbe.niedersachsen.de/oai</request>
  <GetRecord>
    <record>
      <header>
        <identifier>record_kuniweb_395760</identifier>
        <datestamp>2026-03-31T19:09:18Z</datestamp>
        <setSpec>slg0233</setSpec>
      </header>
      <metadata>
        <marc:record xmlns:marc="http://www.loc.gov/MARC21/slim" xsi:schemaLocation="http://www.loc.gov/MARC21/slim http://www.loc.gov/standards/marcxml/schema/MARC21slim.xsd">
          <marc:leader>12345nrm  22     uu 4500</marc:leader>
          <marc:controlfield tag="001">395760</marc:controlfield>
          <marc:controlfield tag="003">http://kuniweb.gbv.de</marc:controlfield>
          <marc:controlfield tag="005">2024-03-27T16:20:44</marc:controlfield>
          <marc:controlfield tag="008">|           ||||||||||||||||||||||</marc:controlfield>
          <marc:datafield tag="245" ind1="1" ind2="0">
            <marc:subfield code="a">Becken</marc:subfield>
          </marc:datafield>
          <marc:datafield tag="655" ind1=" " ind2="7">
            <marc:subfield code="a">Kunsthandwerk</marc:subfield>
          </marc:datafield>
          <marc:datafield tag="046" ind1=" " ind2=" ">
            <marc:subfield code="k">1600</marc:subfield>
            <marc:subfield code="k">um 1600</marc:subfield>
          </marc:datafield>
          <marc:datafield tag="260" ind1=" " ind2=" ">
            <marc:subfield code="g">1600</marc:subfield>
            <marc:subfield code="g">um 1600</marc:subfield>
          </marc:datafield>
          <marc:datafield tag="300" ind1=" " ind2=" ">
            <marc:subfield code="a">Höhe: 4 cm
Durchmesser: 42 cm</marc:subfield>
          </marc:datafield>
          <marc:datafield tag="520" ind1=" " ind2=" ">
            <marc:subfield code="a">Um den scheibenförmigen Nabel weist das Becken einen Ring erhabener Fischblasen auf, umgeben von zwei Bändern mit Schriftzügen. Der Steigbord zeigt vertiefte Fischblasen und geht in die horizontale, gebördelte Fahne mit punziertem Rand über. (Städtisches Museum Braunschweig)

Veröffentlicht in:
„Form und Funktion : Gefäße und Geräte aus den Sammlungen des Mainfränkischen Museums Würzburg und der Formsammlung Walter und Thomas Dexel, Braunschweig ; Katalog zur Sonderausstellung im Mainfränkischen Museum Würzburg, 11. Juli - 23. September 2007“. Würzburg, 2007. (S. 47, Nr. 24b.)

Veröffentlicht in:
„Formsammlung Walter und Thomas Dexel, Braunschweig : Metallgerät“. Olms, Hildesheim [u.a.], 2005. (S. 23, Nr. 7 (mit älterer Lit.).)</marc:subfield>
          </marc:datafield>
          <marc:datafield tag="500" ind1=" " ind2=" ">
            <marc:subfield code="a">Kauf

1942

KäuferIn: Städtisches Museum &lt;Braunschweig&gt;</marc:subfield>
          </marc:datafield>
          <marc:datafield tag="650" ind1="1" ind2=" ">
            <marc:subfield code="a">Kunsthandwerk</marc:subfield>
          </marc:datafield>
          <marc:datafield tag="650" ind1="1" ind2=" ">
            <marc:subfield code="a">Behältnis, Hülle &gt; Behältnis &gt; Gefäß &gt; Schüssel, Schale &gt; Schüssel &gt; Beckenschlägerschüssel</marc:subfield>
          </marc:datafield>
          <marc:datafield tag="650" ind1="1" ind2=" ">
            <marc:subfield code="a">Gebrauchsgegenstand</marc:subfield>
          </marc:datafield>
          <marc:datafield tag="650" ind1="1" ind2=" ">
            <marc:subfield code="a">Eß- und Serviergeschirr</marc:subfield>
          </marc:datafield>
          <marc:datafield tag="650" ind1="1" ind2=" ">
            <marc:subfield code="a">Zierobjekte</marc:subfield>
          </marc:datafield>
          <marc:datafield tag="773" ind1="0" ind2=" ">
            <marc:subfield code="t">Formsammlung</marc:subfield>
          </marc:datafield>
          <marc:datafield tag="852" ind1=" " ind2=" ">
            <marc:subfield code="a">Städtisches Museum Braunschweig</marc:subfield>
          </marc:datafield>
          <marc:datafield tag="852" ind1=" " ind2=" ">
            <marc:subfield code="a">Nürnberg</marc:subfield>
          </marc:datafield>
          <marc:datafield tag="" ind1=" " ind2=" ">
            <marc:subfield code="a">Namensnennung - Nicht kommerziell - Keine Bearbeitungen 4.0 International (CC BY-NC-ND 4.0)</marc:subfield>
          </marc:datafield>
        </marc:record>
      </metadata>
    </record>
  </GetRecord>
</OAI-PMH>
